[Event "AMPD"]
[Site "Chorzow"]
[Date "2022.04.03"]
[Round "9.20"]
[White "Klepek, Witold"]
[Black "Jankowiak, Tomasz"]
[Result "0-1"]
[BlackElo "2009"]
[WhiteElo "1939"]
[LiveChessVersion "1.4.8"]

1. e4 {[%clk 0:15:08]} c5 {[%clk 0:15:10]} 2. Nf3 {[%clk 0:15:11]} Nf6
{[%clk 0:15:13]} 3. e5 {[%clk 0:14:56]} Nd5 {[%clk 0:15:17]} 4. Nc3
{[%clk 0:14:34]} e6 {[%clk 0:15:20]} 5. Nxd5 {[%clk 0:13:15]} exd5
{[%clk 0:15:24]} 6. d4 {[%clk 0:13:09]} Nc6 {[%clk 0:15:27]} 7. dxc5
{[%clk 0:12:47]} Bxc5 {[%clk 0:15:31]} 8. Bd3 {[%clk 0:12:39]} d6
{[%clk 0:15:35]} 9. exd6 {[%clk 0:12:30]} O-O {[%clk 0:15:38]} 10. O-O
{[%clk 0:12:29]} Bg4 {[%clk 0:14:09]} 11. h3 {[%clk 0:12:03]} Bh5
{[%clk 0:13:38]} 12. Bf4 {[%clk 0:11:43]} Bxd6 {[%clk 0:12:46]} 13. Bxd6
{[%clk 0:11:01]} Qxd6 {[%clk 0:12:49]} 14. Be2 {[%clk 0:10:26]} Rad8
{[%clk 0:12:05]} 15. c3 {[%clk 0:09:40]} Rfe8 {[%clk 0:12:08]} 16. Re1
{[%clk 0:07:56]} Qf6 {[%clk 0:10:12]} 17. Qb3 {[%clk 0:05:57]} Re7
{[%clk 0:05:40]} 18. Rad1 {[%clk 0:03:50]} Rde8 {[%clk 0:05:43]} 19. Kf1
{[%clk 0:03:54]} d4 {[%clk 0:04:27]} 20. cxd4 {[%clk 0:03:27]} Rxe2
{[%clk 0:01:42]} 21. Rxe2 {[%clk 0:03:26]} Rxe2 {[%clk 0:01:46]} 22. Kxe2
{[%clk 0:03:25]} Nxd4+ {[%clk 0:01:50]} 23. Rxd4 {[%clk 0:03:28]} Qxd4
{[%clk 0:01:53]} 24. Qxb7 {[%clk 0:03:13]} Qc4+ {[%clk 0:01:45]} 25. Kd2
{[%clk 0:02:37]} h6 {[%clk 0:01:37]} 26. Qxa7 {[%clk 0:01:15]} Qb4+
{[%clk 0:01:41]} 27. Ke3 {[%clk 0:00:57]} Qxb2 {[%clk 0:01:25]} 28. Qa5
{[%clk 0:00:37]} Qc1+ {[%clk 0:01:17]} 29. Qd2 {[%clk 0:00:36]} Qc5+
{[%clk 0:01:11]} 30. Ke2 {[%clk 0:00:30]} Qc4+ {[%clk 0:01:07]} 31. Ke1
{[%clk 0:00:24]} Qe4+ {[%clk 0:00:44]} 32. Kf1 {[%clk 0:00:22]} Bxf3
{[%clk 0:00:21]} 33. gxf3 {[%clk 0:00:25]} Qxf3 {[%clk 0:00:23]} 34. Qe3
{[%clk 0:00:21]} Qd1+ {[%clk 0:00:19]} 35. Kg2 {[%clk 0:00:25]} Qd5+
{[%clk 0:00:22]} 36. Kh2 {[%clk 0:00:26]} Qxa2 {[%clk 0:00:23]} 37. Qe8+
{[%clk 0:00:30]} Kh7 {[%clk 0:00:26]} 38. Qe4+ {[%clk 0:00:34]} g6
{[%clk 0:00:30]} 39. Qf4 {[%clk 0:00:37]} Qe6 {[%clk 0:00:32]} 40. Kg2
{[%clk 0:00:40]} Kg7 {[%clk 0:00:35]} 41. Qd4+ {[%clk 0:00:44]} Qf6
{[%clk 0:00:39]} 42. Qe4 {[%clk 0:00:48]} h5 {[%clk 0:00:39]} 43. Kh2
{[%clk 0:00:36]} g5 {[%clk 0:00:24]} 44. Kg2 {[%clk 0:00:40]} Qe6
{[%clk 0:00:25]} 45. Qf3 {[%clk 0:00:36]} Kg6 {[%clk 0:00:15]} 46. Qa8
{[%clk 0:00:37]} f6 {[%clk 0:00:14]} 47. Kh2 {[%clk 0:00:30]} h4 {[%clk 0:00:18]}
48. Kg2 {[%clk 0:00:30]} g4 {[%clk 0:00:18]} 49. hxg4 {[%clk 0:00:29]} Qxg4+
{[%clk 0:00:22]} 50. Kh2 {[%clk 0:00:32]} Qf4+ {[%clk 0:00:26]} 51. Kg2
{[%clk 0:00:35]} Qg5+ {[%clk 0:00:28]} 52. Kh2 {[%clk 0:00:37]} Qe5+
{[%clk 0:00:32]} 53. Kg2 {[%clk 0:00:38]} Kf5 {[%clk 0:00:32]} 54. Qc8+
{[%clk 0:00:39]} Qe6 {[%clk 0:00:34]} 55. Qh8 {[%clk 0:00:35]} Qe4+
{[%clk 0:00:35]} 56. Kh2 {[%clk 0:00:39]} Qf4+ {[%clk 0:00:36]} 57. Kg2
{[%clk 0:00:43]} Qg5+ {[%clk 0:00:35]} 58. Kh2 {[%clk 0:00:47]} Kg4
{[%clk 0:00:36]} 59. Kg2 {[%clk 0:00:16]} Qd5+ {[%clk 0:00:31]} 60. Kh2
{[%clk 0:00:21]} Qe5+ {[%clk 0:00:35]} 61. Kg2 {[%clk 0:00:23]} Qe4+ 62. Kh2 Qf4+
{[%clk 0:00:44]} 63. Kg1 {[%clk 0:00:28]} Qc1+ {[%clk 0:00:18]} 64. Kg2
{[%clk 0:00:30]} Qc6+ {[%clk 0:00:21]} 65. Kg1 {[%clk 0:00:32]} Qe6
{[%clk 0:00:12]} 66. Qg7+ {[%clk 0:00:31]} Kf5 {[%clk 0:00:15]} 67. Qh6
{[%clk 0:00:31]} Qe1+ {[%clk 0:00:17]} 68. Kg2 {[%clk 0:00:35]} Qe4+
{[%clk 0:00:20]} 69. Kg1 {[%clk 0:00:39]} Qg4+ {[%clk 0:00:23]} 70. Kh1
{[%clk 0:00:38]} h3 {[%clk 0:00:20]} 71. Qh7+ {[%clk 0:00:42]} Kf4
{[%clk 0:00:22]} 72. Qh6+ {[%clk 0:00:43]} Ke5 {[%clk 0:00:23]} 73. f4+
{[%clk 0:00:10]} Ke4 {[%clk 0:00:16]} 74. Qh7+ {[%clk 0:00:13]} Kxf4
{[%clk 0:00:18]} 75. Qc7+ {[%clk 0:00:15]} Kf5 {[%clk 0:00:21]} 76. Qd7+
{[%clk 0:00:19]} Kg5 {[%clk 0:00:25]} 77. Qg7+ {[%clk 0:00:22]} Kf5
{[%clk 0:00:24]} 78. Qd7+ {[%clk 0:00:26]} Kf4 {[%clk 0:00:28]} 79. Qd2+
{[%clk 0:00:18]} Ke5 {[%clk 0:00:25]} 80. Qc3+ {[%clk 0:00:10]} Kf5
{[%clk 0:00:19]} 81. Qc8+ {[%clk 0:00:11]} Kg5 {[%clk 0:00:21]} 82. Qg8+
{[%clk 0:00:14]} Kh4 {[%clk 0:00:18]} 83. Qh7+ {[%clk 0:00:08]} Kg3
{[%clk 0:00:19]} 84. Qc7+ {[%clk 0:00:10]} Qf4 {[%clk 0:00:22]} 85. Qg7+
{[%clk 0:00:14]} Kf3 {[%clk 0:00:24]} 0-1

[Event "AMPD"]
[Site "Chorzow"]
[Date "2022.04.03"]
[Round "9.21"]
[White "Woloch, Oskar"]
[Black "Dzwierzynski, Bartosz"]
[Result "1-0"]
[BlackElo "1947"]
[WhiteElo "2069"]
[LiveChessVersion "1.4.8"]

1. d4 {[%clk 0:15:10]} Nf6 {[%clk 0:15:02]} 2. g3 {[%clk 0:15:14]} g6
{[%clk 0:15:02]} 3. Bg2 {[%clk 0:15:18]} Bg7 {[%clk 0:15:05]} 4. e4
{[%clk 0:15:21]} d6 {[%clk 0:14:50]} 5. Nc3 {[%clk 0:15:24]} O-O {[%clk 0:14:50]}
6. Nge2 {[%clk 0:15:28]} e5 {[%clk 0:14:46]} 7. h3 {[%clk 0:15:10]} Nc6
{[%clk 0:14:30]} 8. Be3 {[%clk 0:15:08]} exd4 {[%clk 0:13:48]} 9. Nxd4
{[%clk 0:15:05]} Nxd4 {[%clk 0:13:31]} 10. Bxd4 {[%clk 0:14:53]} Bd7
{[%clk 0:12:51]} 11. O-O {[%clk 0:14:49]} Bc6 {[%clk 0:12:55]} 12. Re1
{[%clk 0:14:42]} Nd7 {[%clk 0:12:43]} 13. Nd5 {[%clk 0:13:29]} Bxd5
{[%clk 0:12:20]} 14. exd5 {[%clk 0:13:16]} Bxd4 {[%clk 0:11:52]} 15. Qxd4
{[%clk 0:13:19]} Qf6 {[%clk 0:11:54]} 16. Qc4 {[%clk 0:10:14]} Rac8
{[%clk 0:10:50]} 17. c3 {[%clk 0:10:13]} Nb6 {[%clk 0:10:22]} 18. Qb4
{[%clk 0:09:35]} Ra8 {[%clk 0:09:23]} 19. Re3 {[%clk 0:09:09]} Rfe8
{[%clk 0:08:38]} 20. Rae1 {[%clk 0:09:12]} Kf8 {[%clk 0:08:22]} 21. a4
{[%clk 0:09:04]} Rxe3 {[%clk 0:07:58]} 22. Rxe3 {[%clk 0:09:08]} a5
{[%clk 0:07:24]} 23. Qb5 {[%clk 0:09:11]} Qf5 {[%clk 0:07:15]} 24. b3
{[%clk 0:08:15]} Qd7 {[%clk 0:06:52]} 25. Qd3 {[%clk 0:07:34]} Re8
{[%clk 0:06:44]} 26. Qd4 {[%clk 0:06:56]} Kg8 {[%clk 0:05:45]} 27. h4
{[%clk 0:06:14]} Rxe3 {[%clk 0:05:34]} 28. Qxe3 {[%clk 0:06:18]} Kf8
{[%clk 0:04:43]} 29. c4 {[%clk 0:06:23]} Nc8 {[%clk 0:03:26]} 30. Qc3
{[%clk 0:06:21]} Ne7 {[%clk 0:02:16]} 31. Qxa5 {[%clk 0:06:16]} b6
{[%clk 0:01:47]} 32. Qc3 {[%clk 0:06:19]} Kg8 {[%clk 0:01:51]} 33. Qf6
{[%clk 0:06:14]} Qd8 {[%clk 0:01:10]} 34. Bh3 {[%clk 0:06:11]} Nc6
{[%clk 0:00:58]} 35. Qxd8+ {[%clk 0:06:00]} Nxd8 {[%clk 0:01:02]} 36. b4
{[%clk 0:06:05]} c6 {[%clk 0:00:35]} 37. a5 {[%clk 0:06:01]} c5 {[%clk 0:00:34]}
38. a6 {[%clk 0:05:54]} 1-0

[Event "AMPD"]
[Site "Chorzow"]
[Date "2022.04.03"]
[Round "9.23"]
[White "Osinski, Emil"]
[Black "Swider, Pawel"]
[Result "0-1"]
[BlackElo "1803"]
[WhiteElo "1975"]
[LiveChessVersion "1.4.8"]

1. e4 {[%clk 0:15:08]} c6 {[%clk 0:15:09]} 2. Nc3 {[%clk 0:14:53]} d5
{[%clk 0:15:13]} 3. d4 {[%clk 0:14:33]} dxe4 {[%clk 0:15:16]} 4. Nxe4
{[%clk 0:14:37]} Bf5 {[%clk 0:15:20]} 5. Ng3 {[%clk 0:14:41]} Bg6
{[%clk 0:15:25]} 6. h4 {[%clk 0:14:41]} h6 {[%clk 0:15:28]} 7. Nf3
{[%clk 0:14:43]} Nd7 {[%clk 0:15:31]} 8. h5 {[%clk 0:14:46]} Bh7 {[%clk 0:15:34]}
9. Bd3 {[%clk 0:14:49]} Bxd3 {[%clk 0:15:38]} 10. Qxd3 {[%clk 0:14:52]} e6
{[%clk 0:15:41]} 11. Bf4 {[%clk 0:14:48]} Qa5+ {[%clk 0:15:39]} 12. Bd2
{[%clk 0:14:51]} Bb4 {[%clk 0:15:41]} 13. a3 {[%clk 0:13:52]} Bxd2+
{[%clk 0:15:41]} 14. Nxd2 {[%clk 0:13:54]} Ngf6 {[%clk 0:15:37]} 15. O-O-O
{[%clk 0:13:14]} O-O-O {[%clk 0:14:40]} 16. c4 {[%clk 0:11:54]} Ne5
{[%clk 0:11:18]} 17. Qe3 {[%clk 0:08:14]} Nfg4 {[%clk 0:10:49]} 18. Qe2
{[%clk 0:08:15]} Rxd4 {[%clk 0:09:23]} 19. Nb3 {[%clk 0:08:11]} Rxd1+
{[%clk 0:09:16]} 20. Rxd1 {[%clk 0:08:10]} Qb6 {[%clk 0:07:11]} 21. Nd4
{[%clk 0:01:39]} Rd8 {[%clk 0:06:45]} 22. f4 {[%clk 0:01:33]} Rxd4
{[%clk 0:06:31]} 0-1

[Event "AMPD"]
[Site "Chorzow"]
[Date "2022.04.03"]
[Round "9.24"]
[White "Jedrocha, Katarzyna"]
[Black "Kopica, Paulina"]
[Result "1-0"]
[BlackElo "1738"]
[WhiteElo "1799"]
[LiveChessVersion "1.4.8"]

1. e4 {[%clk 0:15:08]} c5 {[%clk 0:15:09]} 2. c3 {[%clk 0:15:10]} g6
{[%clk 0:15:08]} 3. d4 {[%clk 0:15:11]} cxd4 {[%clk 0:15:11]} 4. cxd4
{[%clk 0:15:15]} d5 {[%clk 0:15:14]} 5. exd5 {[%clk 0:15:16]} Qxd5
{[%clk 0:15:10]} 6. Nf3 {[%clk 0:15:10]} Bg4 {[%clk 0:15:07]} 7. Be2
{[%clk 0:15:13]} Bg7 {[%clk 0:15:07]} 8. O-O {[%clk 0:15:11]} Nf6
{[%clk 0:14:57]} 9. h3 {[%clk 0:15:08]} Bf5 {[%clk 0:14:14]} 10. Nc3
{[%clk 0:15:09]} Qd8 {[%clk 0:13:12]} 11. Qb3 {[%clk 0:13:37]} b6
{[%clk 0:09:04]} 12. Ng5 {[%clk 0:10:43]} O-O {[%clk 0:08:04]} 13. Bf3
{[%clk 0:10:43]} Nbd7 {[%clk 0:08:08]} 14. Bxa8 {[%clk 0:10:32]} Qxa8
{[%clk 0:08:12]} 15. Ne2 {[%clk 0:06:32]} h6 {[%clk 0:07:52]} 16. Nf3
{[%clk 0:06:35]} Ne4 {[%clk 0:06:44]} 17. Ng3 {[%clk 0:05:42]} Be6
{[%clk 0:06:04]} 18. Qd1 {[%clk 0:04:31]} Bd5 {[%clk 0:05:17]} 19. Bf4
{[%clk 0:03:56]} g5 {[%clk 0:02:53]} 20. Be3 {[%clk 0:03:49]} f5 {[%clk 0:02:50]}
21. Nxe4 {[%clk 0:03:05]} Bxe4 {[%clk 0:02:43]} 22. Rc1 {[%clk 0:01:46]} f4
{[%clk 0:01:10]} 23. Bd2 {[%clk 0:01:47]} Nf6 {[%clk 0:00:17]} 24. Qe2
{[%clk 0:01:02]} e6 {[%clk 0:00:09]} 25. Bb4 {[%clk 0:00:21]} Rd8
{[%clk 0:00:12]} 26. Rfd1 {[%clk 0:00:23]} Qb8 {[%clk 0:00:07]} 27. Be7
{[%clk 0:00:22]} Bxf3 {[%clk 0:00:11]} 28. Qxf3 {[%clk 0:00:21]} Re8
{[%clk 0:00:09]} 29. Bxf6 {[%clk 0:00:20]} Bxf6 {[%clk 0:00:13]} 30. d5
{[%clk 0:00:15]} e5 {[%clk 0:00:08]} 31. d6 {[%clk 0:00:14]} e4 {[%clk 0:00:11]}
32. Qb3+ {[%clk 0:00:18]} Kh8 {[%clk 0:00:10]} 33. Qf7 {[%clk 0:00:18]} Rf8
{[%clk 0:00:11]} 34. Qg6 {[%clk 0:00:18]} Bg7 {[%clk 0:00:09]} 35. Rc7
{[%clk 0:00:20]} Rg8 {[%clk 0:00:08]} 36. Qxe4 {[%clk 0:00:18]} Qd8
{[%clk 0:00:08]} 37. Qe7 {[%clk 0:00:20]} a5 {[%clk 0:00:06]} 38. Qxd8
{[%clk 0:00:21]} Rxd8 {[%clk 0:00:11]} 39. d7 {[%clk 0:00:23]} Bxb2
{[%clk 0:00:10]} 40. Rb7 {[%clk 0:00:22]} Kg8 {[%clk 0:00:08]} 41. Rxb6
{[%clk 0:00:24]} Bg7 {[%clk 0:00:08]} 42. Ra6 {[%clk 0:00:22]} Kf7
{[%clk 0:00:09]} 43. Rxa5 {[%clk 0:00:25]} Ke7 1-0